[Event "WchT Seniors 65"]
[Site "Struga"]
[Date "2023.09.28"]
[Round "9.4"]
[White "Vinke, Dietmar"]
[Black "Peretz, Malkiel"]
[Result "1/2-1/2"]
[WhiteElo "2081"]
[BlackElo "2154"]
[PlyCount "90"]
[EventDate "2023.09.19"]
[EventType "team-swiss"]
[EventRounds "9"]
[EventCountry "MKD"]
[SourceTitle "EXT 2024"]
[Source "ChessBase"]
[SourceDate "2023.10.10"]
[SourceVersion "1"]
[SourceVersionDate "2023.10.10"]
[SourceQuality "1"]
[WhiteTeam "Finland 65"]
[BlackTeam "Israel 65"]
[WhiteTeamCountry "FIN"]
[BlackTeamCountry "ISR"]

1. d4 Nf6 2. c4 e6 3. Nf3 d5 4. Nc3 Be7 5. Bg5 0-0 6. e3 c6 7. Bd3 Nbd7 8. 0-0 dxc4 9. Bxc4 Nd5 10. Bxe7 Qxe7 11. Rc1 N5b6 12. Bb3 Rd8 13. Qe2 Nf8 14. Rfd1 Bd7 15. Ne5 Be8 16. Ne4 f6 17. Nd3 Kh8 18. h3 Nd5 19. Ng3 Ng6 20. a3 Rac8 21. Rd2 f5 22. Bxd5 cxd5 23. Rdc2 Rxc2 24. Qxc2 Bc6 25. Ne2 Rf8 26. Nef4 Nxf4 27. exf4 g6 28. Qc5 Qxc5 29. Rxc5 Rc8 30. Ne5 Kg8 31. b4 a6 32. a4 Rb8 33. a5 Kf8 34. g3 Ke8 35. h4 Kd8 36. Kf1 Be8 37. Ke2 b6 38. Rc2 bxa5 39. bxa5 Rb5 40. Ra2 Rb4 41. Kd3 Rb1 42. Kc2 Rf1 43. Kc3 Rc1+ 44. Kd2 Rf1 45. Kc3 Rc1+ 1/2-1/2

[Event "WchT Seniors 65"]
[Site "Struga"]
[Date "2023.09.22"]
[Round "4.4"]
[White "Peretz, Malkiel"]
[Black "Kierzek, Matthias"]
[Result "1-0"]
[WhiteElo "2154"]
[BlackElo "2165"]
[PlyCount "155"]
[EventDate "2023.09.19"]
[EventType "team-swiss"]
[EventRounds "9"]
[EventCountry "MKD"]
[SourceTitle "EXT 2024"]
[Source "ChessBase"]
[SourceDate "2023.10.10"]
[SourceVersion "1"]
[SourceVersionDate "2023.10.10"]
[SourceQuality "1"]
[WhiteTeam "Israel 65"]
[BlackTeam "Germany 65"]
[WhiteTeamCountry "ISR"]
[BlackTeamCountry "GER"]

1. e4 c6 2. d4 d5 3. Nd2 dxe4 4. Nxe4 Bf5 5. Ng3 Bg6 6. h4 h6 7. Nf3 Nd7 8. h5 Bh7 9. Bd3 Bxd3 10. Qxd3 e6 11. Bf4 Qa5+ 12. Bd2 Bb4 13. Ne4 Ngf6 14. Nd6+ Ke7 15. Nc4 Bxd2+ 16. Nfxd2 Qc7 17. 0-0-0 Rhd8 18. Qa3+ c5 19. dxc5 Qxc5 20. Qxc5+ Nxc5 21. f3 Rd5 22. g4 Rc8 23. Kb1 Rcd8 24. Kc1 Rd4 25. Rhe1 Nd5 26. Ne3 Nxe3 27. Rxe3 Na4 28. b3 Nb6 29. c4 Na8 30. Re2 Nc7 31. Rg1 Na6 32. Ne4 Nb4 33. g5 Nd3+ 34. Kc2 Nf4 35. Rh2 hxg5 36. Rxg5 f5 37. Rh4 Nxh5 38. Rhxh5 fxe4 39. fxe4 Rxe4 40. Rxg7+ Kf6 41. Rxb7 Re2+ 42. Kc3 Rxa2 43. Rh6+ Ke5 44. Rb5+ Kd6 45. Rd5+ Kc7 46. Rxd8 Kxd8 47. Rxe6 Kc7 48. Kb4 Rb2 49. Re7+ Kb6 50. c5+ Ka6 51. Re3 Kb7 52. Re7+ Ka6 53. Kc4 Rh2 54. Re6+ Kb7 55. Kb5 Rh7 56. b4 Rg7 57. Rd6 Rh7 58. Kc4 Rh4+ 59. Rd4 Rh7 60. b5 Rg7 61. Kb4 Rh7 62. Ka5 Rh1 63. Rd7+ Kb8 64. c6 Ra1+ 65. Kb4 Rb1+ 66. Kc5 Rc1+ 67. Kd6 Rd1+ 68. Ke7 Rh1 69. Rb7+ Kc8 70. Kd6 Rd1+ 71. Kc5 Rc1+ 72. Kb4 a6 73. Ka5 axb5 74. Kb6 b4 75. Rh7 Kd8 76. c7+ Ke8 77. Rh8+ Kd7 78. Rd8+ 1-0

[Event "WchT Seniors 65"]
[Site "Struga"]
[Date "2023.09.19"]
[Round "1.4"]
[White "Lang, Karl"]
[Black "Peretz, Malkiel"]
[Result "1-0"]
[WhiteElo "1973"]
[BlackElo "2154"]
[PlyCount "95"]
[EventDate "2023.09.19"]
[EventType "team-swiss"]
[EventRounds "9"]
[EventCountry "MKD"]
[SourceTitle "EXT 2024"]
[Source "ChessBase"]
[SourceDate "2023.10.10"]
[SourceVersion "1"]
[SourceVersionDate "2023.10.10"]
[SourceQuality "1"]
[WhiteTeam "Austria 65 II"]
[BlackTeam "Israel 65"]
[WhiteTeamCountry "AUT"]
[BlackTeamCountry "ISR"]

1. d4 Nf6 2. c4 e6 3. Nf3 d5 4. Bg5 Be7 5. e3 0-0 6. Nc3 c5 7. dxc5 Qa5 8. cxd5 Nxd5 9. Bxe7 Nxe7 10. Bd3 Qxc5 11. 0-0 Nbc6 12. a3 Qh5 13. Rc1 b6 14. Be2 Rd8 15. Qa4 Bb7 16. Nd4 Qg6 17. Bf3 Na5 18. Bxb7 Nxb7 19. b4 Nd6 20. b5 Ne4 21. Nc6 Nxc6 22. bxc6 Nc5 23. Qb5 Qf6 24. c7 Rf8 25. Na4 Nxa4 26. Qxa4 e5 27. Rc6 Qf5 28. Qc4 Qd7 29. Rc1 Qc8 30. h3 h6 31. Rd6 Qf5 32. Qd5 Rac8 33. Rd8 Qe6 34. Rxf8+ Kxf8 35. Qb7 Qd7 36. Qxa7 Qd2 37. Rc6 Qe1+ 38. Kh2 Qxf2 39. Qxb6 Qf5 40. Qc5+ Kg8 41. a4 h5 42. Rd6 Qg5 43. a5 h4 44. Rd1 Qg3+ 45. Kh1 Kh7 46. a6 Qg6 47. a7 Qa6 48. Qxe5 1-0

[Event "EU-chT Seniors 65"]
[Site "Swidnica"]
[Date "2023.07.16"]
[Round "5.3"]
[White "Peretz, Malkiel"]
[Black "Tompa, Janos"]
[Result "1/2-1/2"]
[WhiteElo "2158"]
[BlackElo "2287"]
[PlyCount "53"]
[EventDate "2023.07.12"]
[EventType "team-swiss"]
[EventRounds "9"]
[EventCountry "POL"]
[SourceTitle "CBM 215 Extra"]
[Source "ChessBase"]
[SourceDate "2023.09.30"]
[SourceVersion "1"]
[SourceVersionDate "2023.09.30"]
[SourceQuality "1"]
[WhiteTeam "Israel 65"]
[BlackTeam "Hungary 65"]
[WhiteTeamCountry "ISR"]
[BlackTeamCountry "HUN"]

1. e4 c5 2. Nf3 e6 3. d4 cxd4 4. Nxd4 Nc6 5. Nc3 Qc7 6. Be3 Nf6 7. Be2 a6 8. 0-0 d6 9. f4 Be7 10. Qe1 0-0 11. Qg3 Nxd4 12. Bxd4 b5 13. e5 dxe5 14. fxe5 Bc5 15. Bxc5 Qxc5+ 16. Kh1 Nd7 17. Bf3 Rb8 18. Rae1 b4 19. Nd1 Qxc2 20. Be4 Qc7 21. Nf2 f5 22. Bb1 Bb7 23. Nh3 Be4 24. Ng5 Bd5 25. Nh3 Be4 26. Ng5 Bd5 27. Nh3 1/2-1/2

[Event "Wch Seniors 65 30th"]
[Site "Assisi"]
[Date "2022.11.18"]
[Round "4"]
[White "Higatsberger, Michael"]
[Black "Peretz, Malkiel"]
[Result "1-0"]
[WhiteElo "1995"]
[BlackElo "2142"]
[PlyCount "97"]
[EventDate "2022.11.15"]
[EventType "swiss"]
[EventRounds "11"]
[EventCountry "ITA"]
[SourceTitle "CBM 211 Extra"]
[Source "ChessBase"]
[SourceDate "2023.01.31"]
[SourceVersion "1"]
[SourceVersionDate "2023.01.31"]
[SourceQuality "1"]

1. e4 c5 2. Nf3 e6 3. Nc3 Nc6 4. d4 cxd4 5. Nxd4 Nf6 6. g3 Qb6 7. Nb3 Bb4 8. Bg2 Qa6 9. Bd2 d5 10. exd5 exd5 11. a3 Bxc3 12. Bxc3 Bg4 13. f3 Be6 14. Bxf6 gxf6 15. Qe2 Qb6 16. 0-0-0 0-0-0 17. f4 Kb8 18. Qd3 Rc8 19. Rhe1 d4 20. Bxc6 Bxb3 21. Qxb3 Qxb3 22. cxb3 Rxc6+ 23. Kb1 Rd8 24. Re7 Rc7 25. Re4 d3 26. Rd2 a6 27. Re3 Rcd7 28. b4 Kc7 29. Ka2 b5 30. Kb3 Kb6 31. Re1 Rc8 32. Red1 Rcd8 33. Rc1 Re8 34. Rc5 a5 35. Kc3 axb4+ 36. axb4 Re4 37. Rc8 Red4 38. b3 R4d5 39. Rc5 Rxc5+ 40. bxc5+ Kxc5 41. b4+ Kc6 42. g4 h5 43. Rxd3 Ra7 44. gxh5 Ra2 45. h3 Ra8 46. Kd4 Ra4 47. Ke4 Rxb4+ 48. Kf5 Ra4 49. h6 1-0

[Event "EU-ch Seniors 65 14th"]
[Site "Porto"]
[Date "2014.03.17"]
[Round "9"]
[White "Peretz, Malkiel"]
[Black "Batakovs, Olegs N"]
[Result "1-0"]
[WhiteElo "2272"]
[BlackElo "2090"]
[PlyCount "79"]
[EventDate "2014.03.09"]
[EventType "swiss"]
[EventRounds "9"]
[EventCountry "POR"]
[SourceTitle "CBM 159 Extra"]
[Source "ChessBase"]
[SourceDate "2014.04.24"]
[SourceVersion "1"]
[SourceVersionDate "2014.04.24"]
[SourceQuality "1"]

1. e4 c5 2. Nf3 e6 3. d4 cxd4 4. Nxd4 Nc6 5. Nb5 d6 6. Bf4 e5 7. Be3 Nf6 8. Bg5 Be7 9. Bxf6 gxf6 10. Bc4 a6 11. N5c3 0-0 12. 0-0 f5 13. Nd2 f4 14. Bd5 Kh8 15. Ne2 Be6 16. c3 Bxd5 17. exd5 Nb8 18. b4 Nd7 19. c4 Rc8 20. Qb3 f5 21. Kh1 Bg5 22. Rad1 Nf6 23. Nf3 Ne4 24. c5 Bf6 25. Nd2 Nxd2 26. Rxd2 Bg5 27. f3 Rf7 28. Rc1 Rfc7 29. Rdc2 Qd7 30. cxd6 Qxd6 31. Rxc7 Rxc7 32. Rxc7 Qxc7 33. Qd3 Qd7 34. d6 Qe6 35. Nc3 Bd8 36. a4 Qb3 37. Qxf5 Kg7 38. Qd7+ Kg6 39. Qe8+ Kg7 40. Qxd8 1-0

[Event "EU-ch Seniors 65 14th"]
[Site "Porto"]
[Date "2014.03.14"]
[Round "6"]
[White "Gousseinov, Aguif"]
[Black "Peretz, Malkiel"]
[Result "1/2-1/2"]
[WhiteElo "1976"]
[BlackElo "2272"]
[PlyCount "53"]
[EventDate "2014.03.09"]
[EventType "swiss"]
[EventRounds "9"]
[EventCountry "POR"]
[SourceTitle "CBM 159 Extra"]
[Source "ChessBase"]
[SourceDate "2014.04.24"]
[SourceVersion "1"]
[SourceVersionDate "2014.04.24"]
[SourceQuality "1"]

1. e4 c5 2. Nf3 Nc6 3. d4 cxd4 4. Nxd4 g6 5. Nxc6 bxc6 6. Qd4 Nf6 7. e5 Nd5 8. e6 Nf6 9. exd7+ Bxd7 10. Bc4 Bg7 11. 0-0 0-0 12. Qh4 Qb6 13. Nc3 Bf5 14. Bb3 Rad8 15. Be3 Qc7 16. h3 Nd5 17. Nxd5 cxd5 18. c3 Bf6 19. Bg5 Bxg5 20. Qxg5 d4 21. cxd4 Rxd4 22. Rac1 Qd6 23. Rfd1 e5 24. Qg3 Kg7 25. Rxd4 Qxd4 26. Re1 Re8 27. Qc3 1/2-1/2

[Event "EU-ch Seniors 65 14th"]
[Site "Porto"]
[Date "2014.03.12"]
[Round "4"]
[White "Peretz, Malkiel"]
[Black "Wahlstedt, Mats"]
[Result "1-0"]
[WhiteElo "2272"]
[BlackElo "1937"]
[PlyCount "69"]
[EventDate "2014.03.09"]
[EventType "swiss"]
[EventRounds "9"]
[EventCountry "POR"]
[SourceTitle "CBM 159 Extra"]
[Source "ChessBase"]
[SourceDate "2014.04.24"]
[SourceVersion "1"]
[SourceVersionDate "2014.04.24"]
[SourceQuality "1"]

1. e4 c5 2. Nf3 e6 3. d4 cxd4 4. Nxd4 a6 5. c4 Nf6 6. Nc3 Qc7 7. Be2 Bb4 8. Qd3 0-0 9. 0-0 Nc6 10. Nxc6 dxc6 11. f4 e5 12. f5 Rd8 13. Qf3 Bxc3 14. bxc3 c5 15. Bg5 Qc6 16. Rad1 Bd7 17. Rd5 Nxd5 18. exd5 Qd6 19. Bxd8 Rxd8 20. f6 Qxf6 21. Qxf6 gxf6 22. Rxf6 Bc8 23. g4 Kf8 24. g5 b5 25. Kf2 bxc4 26. Bxc4 Ke7 27. d6+ Rxd6 28. Rxf7+ Ke8 29. Rxh7 Rd2+ 30. Ke1 Rc2 31. Rh8+ Kd7 32. Bd3 Rxc3 33. Bf5+ Kd6 34. Rxc8 e4 35. g6 1-0

[Event "EU-ch Seniors 13th"]
[Site "Plovdiv"]
[Date "2013.03.16"]
[Round "6"]
[White "Peretz, Malkiel"]
[Black "Okhotnik, Vladimir"]
[Result "1/2-1/2"]
[WhiteElo "2277"]
[BlackElo "2411"]
[PlyCount "125"]
[EventDate "2013.03.11"]
[EventType "swiss"]
[EventRounds "9"]
[EventCountry "BUL"]
[SourceTitle "CBM 153 Extra"]
[Source "ChessBase"]
[SourceDate "2013.04.22"]
[SourceVersion "1"]
[SourceVersionDate "2013.04.22"]
[SourceQuality "1"]

1. e4 c6 2. d4 d5 3. Nd2 dxe4 4. Nxe4 Bf5 5. Ng3 Bg6 6. Nf3 Nd7 7. h4 h6 8. h5 Bh7 9. Bd3 Bxd3 10. Qxd3 e6 11. Bf4 Qa5+ 12. Bd2 Bb4 13. c3 Be7 14. c4 Bb4 15. Ne4 Ngf6 16. a3 Bxd2+ 17. Nfxd2 Nxe4 18. Qxe4 0-0-0 19. b4 Qg5 20. Nf3 Qxg2 21. Rh2 Nf6 22. Rxg2 Nxe4 23. Rxg7 Ng5 24. Nxg5 hxg5 25. 0-0-0 Rxh5 26. Rxf7 Rh4 27. Rg7 Rhxd4 28. Rxd4 Rxd4 29. c5 a5 30. Rg8+ Kc7 31. Rg7+ Kb8 32. Rxg5 axb4 33. axb4 Rxb4 34. Re5 Rf4 35. Rxe6 Rxf2 36. Re3 Ra2 37. Kb1 Ra4 38. Kb2 Ra5 39. Re5 Ka7 40. Kb3 Ka6 41. Kb4 b6 42. Rh5 Rb5+ 43. Kc4 Ka5 44. Rg5 Ka4 45. Rh5 Ra5 46. Kc3 Ka3 47. Rg5 Rb5 48. Rh5 Rb3+ 49. Kd4 Rb4+ 50. Kd3 Rb5 51. Kc3 Ra5 52. Rg5 b5 53. Rg1 b4+ 54. Kc4 Rb5 55. Ra1+ Kb2 56. Ra6 b3 57. Rxc6 Kc2 58. Rh6 Rb8 59. Rh2+ Kb1 60. c6 b2 61. c7 Rc8 62. Kb3 Ka1 63. Rxb2 1/2-1/2

[Event "EU-ch Seniors 11th"]
[Site "Courmayeur"]
[Date "2011.04.10"]
[Round "5"]
[White "Peretz, Malkiel"]
[Black "Nickl, Klaus"]
[Result "1/2-1/2"]
[WhiteElo "2255"]
[BlackElo "2140"]
[PlyCount "44"]
[EventDate "2011.04.06"]
[EventType "swiss"]
[EventRounds "9"]
[EventCountry "ITA"]
[SourceTitle "CBM 141 Extra"]
[Source "ChessBase"]
[SourceDate "2011.05.03"]
[SourceVersion "1"]
[SourceVersionDate "2011.05.03"]
[SourceQuality "1"]

1. e4 e5 2. Nf3 Nc6 3. Bc4 Nf6 4. d4 exd4 5. e5 Ng4 6. 0-0 d6 7. exd6 Bxd6 8. Re1+ Kf8 9. h3 Nge5 10. Bb3 Qf6 11. Ng5 h6 12. Ne4 Qg6 13. Kh1 Bf5 14. Nxd6 cxd6 15. f4 Bxh3 16. gxh3 Qg3 17. Bd5 Qxh3+ 18. Kg1 Qg3+ 19. Bg2 Nf3+ 20. Qxf3 Qxe1+ 21. Qf1 Re8 22. Bd2 Qxf1+ 1/2-1/2

[Event "EU-chT Seniors 12th"]
[Site "Dresden"]
[Date "2010.02.18"]
[Round "9"]
[White "Peretz, Malkiel"]
[Black "Dommes, Vladimir M"]
[Result "0-1"]
[WhiteElo "2268"]
[BlackElo "2297"]
[PlyCount "154"]
[EventDate "2010.02.10"]
[EventType "team-swiss"]
[EventRounds "9"]
[EventCountry "GER"]
[SourceTitle "CBM 134 Extra"]
[Source "ChessBase"]
[SourceDate "2010.03.03"]
[SourceVersion "1"]
[SourceVersionDate "2010.03.03"]
[SourceQuality "1"]
[WhiteTeam "Israel (Seniors)"]
[BlackTeam "St Petersburg (Seniors)"]
[WhiteTeamCountry "ISR"]
[BlackTeamCountry "RUS"]

1. e4 d6 2. d4 Nf6 3. Nc3 g6 4. Bg5 h6 5. Bh4 Bg7 6. e5 dxe5 7. dxe5 Ng4 8. Qxd8+ Kxd8 9. 0-0-0+ Bd7 10. e6 fxe6 11. Bc4 Ke8 12. Nf3 Nc6 13. Rhe1 Nge5 14. Nxe5 Bxe5 15. Bg3 Bxg3 16. hxg3 Nd8 17. Ne2 Rf8 18. Nf4 g5 19. Nd3 Bc6 20. Bxe6 Bxg2 21. f4 Bf3 22. Rd2 Nxe6 23. Rxe6 Rf6 24. Rxf6 exf6 25. Rh2 gxf4 26. Nxf4 Rd8 27. Nd3 Ke7 28. Rxh6 Rg8 29. Rh7+ Kd6 30. Rf7 Ke6 31. Rxc7 Rxg3 32. b4 Kd6 33. Rf7 Ke6 34. Rh7 Kf5 35. a4 a5 36. bxa5 Rg4 37. Kd2 Rxa4 38. Ke3 Kg6 39. Rc7 Bc6 40. Nf4+ Kf5 41. Ne2 Ke5 42. Re7+ Kd6 43. Rf7 Ke6 44. Rh7 Rxa5 45. Nd4+ Kd6 46. Rh6 Re5+ 47. Kd2 Ke7 48. Rh7+ Ke8 49. Nxc6 bxc6 50. Rc7 c5 51. Kd3 f5 52. Ra7 Kf8 53. c3 Kg8 54. Rb7 Re4 55. Rc7 Re5 56. Ra7 Kf8 57. Rh7 Re7 58. Rh5 Rf7 59. Ke3 Ke7 60. Kf4 Ke6 61. c4 Rf6 62. Rg5 Rh6 63. Ke3 Ke5 64. Rg1 Rh3+ 65. Kd2 Rf3 66. Rg8 Kd4 67. Ke2 Rh3 68. Rf8 Rh5 69. Kf3 Kxc4 70. Rd8 Kc3 71. Ke3 c4 72. Rb8 Kc2 73. Kd4 Rh4+ 74. Ke3 Re4+ 75. Kf3 c3 76. Rb5 Re8 77. Rxf5 Kc1 0-1

[Event "EU-chT Seniors 12th"]
[Site "Dresden"]
[Date "2010.02.14"]
[Round "5"]
[White "Peretz, Malkiel"]
[Black "Strobel, Ferdinand"]
[Result "1/2-1/2"]
[WhiteElo "2268"]
[BlackElo "2148"]
[PlyCount "24"]
[EventDate "2010.02.10"]
[EventType "team-swiss"]
[EventRounds "9"]
[EventCountry "GER"]
[SourceTitle "CBM 134 Extra"]
[Source "ChessBase"]
[SourceDate "2010.03.03"]
[SourceVersion "1"]
[SourceVersionDate "2010.03.03"]
[SourceQuality "1"]
[WhiteTeam "Israel (Seniors)"]
[BlackTeam "Vienna (Seniors)"]
[WhiteTeamCountry "ISR"]
[BlackTeamCountry "AUT"]

1. e4 d6 2. d4 Nf6 3. Nc3 g6 4. f4 Bg7 5. Nf3 c5 6. e5 Nfd7 7. exd6 0-0 8. Be2 exd6 9. 0-0 Nc6 10. dxc5 dxc5 11. Be3 Qa5 12. Qd2 Nb6 1/2-1/2

[Event "EU-chT Seniors 12th"]
[Site "Dresden"]
[Date "2010.02.10"]
[Round "1"]
[White "Peretz, Malkiel"]
[Black "Rozov, Boris"]
[Result "1/2-1/2"]
[WhiteElo "2268"]
[BlackElo "2174"]
[PlyCount "95"]
[EventDate "2010.02.10"]
[EventType "team-swiss"]
[EventRounds "9"]
[EventCountry "GER"]
[SourceTitle "CBM 134 Extra"]
[Source "ChessBase"]
[SourceDate "2010.03.03"]
[SourceVersion "1"]
[SourceVersionDate "2010.03.03"]
[SourceQuality "1"]
[WhiteTeam "Israel (Seniors)"]
[BlackTeam "Dresden Leuben (Seniors)"]
[WhiteTeamCountry "ISR"]
[BlackTeamCountry "GER"]

1. e4 c6 2. d4 d5 3. Nc3 dxe4 4. Nxe4 Nf6 5. Nxf6+ gxf6 6. Nf3 Bf5 7. Bc4 e6 8. Bf4 Nd7 9. 0-0 Nb6 10. Bb3 Nd5 11. Bg3 Bd6 12. Qd2 Be4 13. Nh4 Bxg3 14. hxg3 Qd6 15. Rfe1 Bg6 16. Rad1 Ne7 17. Qh6 0-0-0 18. Qg7 Bh5 19. Rd3 Qb4 20. Ree3 f5 21. Qf6 Rhf8 22. c4 Bg6 23. Rd1 Bh5 24. Rdd3 Bg6 25. f4 Ng8 26. Qe5 Qd6 27. Qa5 Kb8 28. Nf3 Nf6 29. Ne5 Ne4 30. Bd1 f6 31. Nxg6 hxg6 32. Bf3 Nxg3 33. Bxc6 Qxc6 34. Rxg3 Qxc4 35. Qd2 Rg8 36. b3 Qc6 37. Qe3 Qe4 38. Kf2 Rd7 39. Rd2 Qxe3+ 40. Kxe3 Rc7 41. Kf2 Kc8 42. Re3 Rc6 43. d5 exd5 44. Rxd5 Rd8 45. Rxd8+ Kxd8 46. a3 Rc2+ 47. Kg1 Rc1+ 48. Kh2 1/2-1/2

[Event "Budapest FS11 IM-B"]
[Site "Budapest"]
[Date "1995.??.??"]
[Round "8"]
[White "Levacic, Patrick"]
[Black "Peretz, Malkiel"]
[Result "1/2-1/2"]
[WhiteElo "2345"]
[BlackElo "2280"]
[PlyCount "55"]
[EventDate "1995.11.??"]
[EventType "tourn"]
[EventRounds "11"]
[EventCountry "HUN"]
[EventCategory "1"]
[SourceTitle "CBM 050 Extra"]
[Source "ChessBase"]
[SourceDate "1996.03.01"]
[SourceVersion "1"]
[SourceVersionDate "1996.03.01"]
[SourceQuality "1"]

1. e4 c5 2. Nf3 Nf6 3. e5 Nd5 4. Nc3 e6 5. d4 Nc6 6. Nxd5 exd5 7. dxc5 Bxc5 8. Be2 d6 9. exd6 Qxd6 10. Bg5 0-0 11. 0-0 Bf5 12. Qd2 Rfe8 13. Rad1 Be4 14. c3 Bb6 15. Qf4 Qxf4 16. Bxf4 Rad8 17. Be3 Bxe3 18. fxe3 Bg6 19. Kf2 Rd6 20. Rfe1 h6 21. Rd2 Be4 22. Red1 Rf6 23. Kg1 Kf8 24. Ne1 Ne5 25. Rd4 Nc6 26. R4d2 Ne5 27. Rd4 Nc6 28. R4d2 1/2-1/2

[Event "Budapest FS11 IM-B"]
[Site "Budapest"]
[Date "1995.??.??"]
[Round "4"]
[White "Peretz, Malkiel"]
[Black "Borsavolgyi, Tamas"]
[Result "0-1"]
[WhiteElo "2280"]
[BlackElo "2320"]
[PlyCount "132"]
[EventDate "1995.11.??"]
[EventType "tourn"]
[EventRounds "11"]
[EventCountry "HUN"]
[EventCategory "1"]
[SourceTitle "CBM 050 Extra"]
[Source "ChessBase"]
[SourceDate "1996.03.01"]
[SourceVersion "1"]
[SourceVersionDate "1996.03.01"]
[SourceQuality "1"]

1. e4 c5 2. Nf3 Nc6 3. d4 cxd4 4. Nxd4 Nf6 5. Nc3 e5 6. Ndb5 d6 7. Bg5 a6 8. Bxf6 gxf6 9. Na3 f5 10. Bc4 Qg5 11. Bd5 f4 12. Qd3 Nd4 13. 0-0-0 f3+ 14. Kb1 fxg2 15. Rhg1 Rg8 16. Ne2 Nxe2 17. Qxe2 Qf4 18. f3 Qxh2 19. Nc4 h5 20. Nb6 Rb8 21. Qc4 Kd8 22. Bxf7 Rg7 23. Be6 Bxe6 24. Qxe6 Kc7 25. Nd5+ Kc6 26. Ne3 h4 27. Nf5 Rd7 28. Nxh4 Qxh4 29. Rxg2 Rbd8 30. a4 Kc7 31. Rg8 Qf4 32. Rd3 Kb8 33. Rb3 Qf7 34. Qg4 Bh6 35. Rxd8+ Rxd8 36. Qh3 Bf4 37. Qf1 Ka8 38. Rb6 Qc7 39. a5 Rc8 40. Qd3 Kb8 41. Rxd6 Qc4 42. Qxc4 Rxc4 43. b3 Rc8 44. c4 Rh8 45. Kc2 Rh3 46. Rd3 Rh2+ 47. Kc3 Re2 48. Rd1 Bg3 49. c5 Re3+ 50. Kc4 Rxf3 51. Rh1 Rf7 52. Rg1 Bf4 53. Rg2 Rd7 54. b4 Bd2 55. Kb3 Rd4 56. Rg7 Ka8 57. Rg8+ Ka7 58. Rg7 Rxb4+ 59. Kc2 Be1 60. c6 Rc4+ 61. Kd1 Bxa5 62. Rxb7+ Ka8 63. Re7 Bc3 64. Re6 a5 65. Kc2 a4 66. Kb1 Kb8 0-1

[Event "ISR-ch"]
[Site "Rishon Le Ziyyon"]
[Date "1990.??.??"]
[Round "?"]
[White "Tsesarsky, Ilya"]
[Black "Peretz, Malkiel"]
[Result "1-0"]
[WhiteElo "2435"]
[BlackElo "2355"]
[PlyCount "84"]
[EventDate "1990.05.06"]
[EventType "swiss"]
[EventRounds "11"]
[EventCountry "ISR"]
[SourceTitle "EXT 2004"]
[Source "ChessBase"]
[SourceDate "2003.11.25"]
[SourceVersion "1"]
[SourceVersionDate "2003.11.25"]
[SourceQuality "1"]

1. Nf3 Nf6 2. c4 e6 3. Nc3 d5 4. d4 c5 5. cxd5 cxd4 6. Qa4+ Nbd7 7. Qxd4 Bc5 8. Qd1 exd5 9. e3 Nb8 10. Bb5+ Nc6 11. 0-0 0-0 12. b3 Bg4 13. h3 Bh5 14. Bb2 Qd6 15. Na4 Ba3 16. Bxf6 gxf6 17. Be2 Kh8 18. Nd4 Bxe2 19. Qxe2 Rg8 20. Nb5 Qe7 21. Kh1 Bd6 22. Nxd6 Qxd6 23. Rad1 Qe5 24. Qf3 Rad8 25. Nc5 b6 26. Nd3 Qg5 27. Rd2 Rd6 28. Rfd1 d4 29. Nf4 Ne5 30. Qe4 d3 31. Nxd3 Nxd3 32. Rxd3 Re6 33. Qf3 f5 34. Rd7 Reg6 35. Rxf7 Qh4 36. Rdd7 R6g7 37. Rxg7 Rxg7 38. Qa8+ Rg8 39. Qf3 Qf6 40. Rxa7 Qa1+ 41. Kh2 Qe5+ 42. Qf4 Qe6 1-0

[Event "Tel Aviv ASA"]
[Site "Tel Aviv"]
[Date "1989.??.??"]
[Round "?"]
[White "Carmel, Ephraim"]
[Black "Peretz, Malkiel"]
[Result "1-0"]
[WhiteElo "2310"]
[BlackElo "2335"]
[PlyCount "95"]
[EventDate "1989.??.??"]
[EventType "tourn"]
[EventRounds "9"]
[EventCountry "ISR"]
[EventCategory "4"]
[SourceTitle "EXT 2004"]
[Source "ChessBase"]
[SourceDate "2003.11.25"]
[SourceVersion "1"]
[SourceVersionDate "2003.11.25"]
[SourceQuality "1"]

1. e4 c5 2. Nf3 Nc6 3. d4 cxd4 4. Nxd4 e5 5. Nb5 a6 6. Nd6+ Bxd6 7. Qxd6 Qf6 8. Qd1 Qg6 9. Nc3 d5 10. Nxd5 Qxe4+ 11. Ne3 Nge7 12. Bd3 Qh4 13. 0-0 0-0 14. g3 Qd4 15. c3 Qd8 16. Qc2 f5 17. Rd1 Qc7 18. a4 Be6 19. b4 Rac8 20. Ba3 e4 21. Be2 Rfd8 22. b5 axb5 23. axb5 Nd4 24. Rxd4 Rxd4 25. cxd4 Qxc2 26. Nxc2 Rxc2 27. Bd1 Rc7 28. b6 Rd7 29. Ba4 Nd5 30. Bxd7 Bxd7 31. Bc5 Kf7 32. h4 h6 33. Ra8 e3 34. fxe3 Nxe3 35. Rb8 Bc6 36. Rc8 Bd5 37. Rc7+ Kf6 38. Be7+ Ke6 39. Bf8 Nc4 40. Rxg7 h5 41. Bc5 Nd2 42. Rg6+ Kf7 43. Rd6 Be4 44. Kf2 Bh1 45. Rh6 Bd5 46. Ke3 Ne4 47. Kf4 Nf6 48. Kxf5 1-0

[Event "ISR-ch 24th"]
[Site "Israel"]
[Date "1988.05.10"]
[Round "15"]
[White "Peretz, Malkiel"]
[Black "Elyoseph, Harel"]
[Result "0-1"]
[WhiteElo "2345"]
[BlackElo "2300"]
[PlyCount "80"]
[EventDate "1988.04.26"]
[EventType "tourn"]
[EventRounds "15"]
[EventCountry "ISR"]
[EventCategory "5"]
[SourceTitle "EXT 2000"]
[Source "ChessBase"]
[SourceDate "1999.11.16"]
[SourceVersion "1"]
[SourceVersionDate "1999.11.16"]
[SourceQuality "1"]

1. e4 c5 2. Nf3 d6 3. d4 cxd4 4. Nxd4 Nf6 5. Nc3 Nc6 6. Be2 g6 7. Be3 Bg7 8. 0-0 0-0 9. Nb3 Be6 10. f4 Rc8 11. Kh1 Na5 12. f5 Bc4 13. Bd3 Bxd3 14. cxd3 Nxb3 15. axb3 a6 16. Qf3 e6 17. Qh3 exf5 18. exf5 d5 19. Bg5 Qd6 20. Ra5 b5 21. Qf3 d4 22. Ne2 Rc2 23. Ng3 Rxb2 24. Qb7 Rb8 25. Rxa6 Rxb7 26. Rxd6 Nd7 27. f6 Bf8 28. Rxd4 h6 29. Be3 Rxb3 30. h4 Nc5 31. Rd8 Ne6 32. Rd5 b4 33. Ne4 Ra3 34. Rb1 b3 35. Bc1 Ra2 36. Bb2 Ba3 37. Be5 Rc2 38. Ra5 b2 39. Ra8+ Kh7 40. Bf4 Nxf4 0-1

[Event "ISR-ch 24th"]
[Site "Israel"]
[Date "1988.05.09"]
[Round "14"]
[White "Sabi, Yoseph"]
[Black "Peretz, Malkiel"]
[Result "0-1"]
[WhiteElo "2295"]
[BlackElo "2345"]
[PlyCount "82"]
[EventDate "1988.04.26"]
[EventType "tourn"]
[EventRounds "15"]
[EventCountry "ISR"]
[EventCategory "5"]
[SourceTitle "EXT 2000"]
[Source "ChessBase"]
[SourceDate "1999.11.16"]
[SourceVersion "1"]
[SourceVersionDate "1999.11.16"]
[SourceQuality "1"]

1. d4 Nf6 2. c4 e6 3. Nc3 d5 4. Nf3 c5 5. cxd5 cxd4 6. Nxd4 Nxd5 7. e4 Nxc3 8. bxc3 Be7 9. Bc4 0-0 10. 0-0 Qc7 11. Qe2 a6 12. Be3 Nd7 13. f4 Nc5 14. e5 b5 15. Bb3 Nxb3 16. axb3 Bb7 17. Rfc1 Rfd8 18. b4 Bd5 19. Ra5 Rdc8 20. Bd2 Qb6 21. Qf2 Rc4 22. Be3 Qc7 23. Ne2 Bb7 24. Rca1 Qc6 25. Bd4 Rd8 26. Rd1 Bh4 27. Qf1 Qe4 28. Ra2 Rcc8 29. Rad2 Be7 30. Nc1 Bd5 31. Nd3 Bc4 32. Qf2 Bxd3 33. Rxd3 Rc4 34. R3d2 h6 35. Re1 Qc6 36. h3 a5 37. bxa5 b4 38. Bb6 Rxd2 39. Qxd2 bxc3 40. Qe3 c2 41. Rc1 Rc3 0-1